Harry Potter Obscure Characters - Statistics

General Stats
  • This quiz has been taken 114 times
  • The average score is 12 of 15
Answer Stats
Hint Answer % Correct
Hagrid's half brother who is a giant and does not know much english Grawp
95%
He is a centaur became the divination teacher in Hogwarts after being banished by his herd Firenze
94%
She was Barty Crouch Sr.'s house elf. She became depressed in the 4 book. Winky
94%
He was the quidditch captain at hogwarts. He played keeper in Harry's first and second years Oliver Wood
90%
She was the mother of Tom Riddle. AKA Voldemort Merope Gaunt
89%
The author of " A History of Magic." She got killed by Nagini, Voldemort's snake. Bathilda Bagshot
87%
Ron's brother who works with dragons in Romania Charlie Weasley
87%
He is the youngest brother in The Tale of the Three Brothers. He owned the invisibility cloak Ignotus Peverell
85%
Harry Potter's neighbor who loved cats and is secretly a squib Mrs Figg
85%
The father of Nymphadora Tonks. Is a muggle Ted Tonks
81%
He was a beater for the Wimbourne Wasps, he then rose to the head of Magical Games and Sports Ludo Bagman
80%
Boring History of magic teacher who woke up as a ghost one day and kept teaching Professor Binns
80%
Ministry worker who Harry Potter impersonates in the 7 book Albert Runcorn
75%
Friends with Horace Slughorn, is a qudditch player who used to give him tickets Gwenog Jones
56%
Hogwart's least popular professor. He was related to Sirius Black. Phineas Nigellus
52%
No matching quizzes found
Score Distribution
Percent of People with Each Score
Percentile by Number Answered
Your Score History
You have not taken this quiz